000 00702cab a2200241 4500
001 WB3407-29
008 090401t1998 xxu||||| |||| 00| 0 eng d
035 _a(Sirsi) u84298
041 _aeng
245 _aNHF slates housing targets
260 _c1998
350 _a0
490 _aEstates Gazette
_v(9807) 14 February 1998, 46(1)
520 _aThe National Housing Federation has criticised the government`s plan to meet the 4.4m extra households.
650 _aGOVERNMENT POLICY
650 _aHOUSEHOLD PROJECTIONS
650 _aHOUSING TARGETS
650 _aNATIONAL HOUSING FEDERATION
650 _aNEW HOMES
690 _aHOUSING-DEVELOPMENT
942 _n0
948 _c17/02/1998
999 _c52969
_d52969